Random Fast typing test - 60 WPM Challenge - Statistics

General Stats
  • This quiz has been taken 149 times
  • The average score is 5 of 6
Answer Stats
Sentence Answer % Correct
There's a message for you if you look up. There's a message for you if you look up.
100%
I love bacon, beer, birds, and baboons. I love bacon, beer, birds, and baboons.
96%
Today we arrived with a crash of my car through the garage door. Today we arrived with a crash of my car through the garage door.
95%
The secret ingredient to his wonderful life was crime. The secret ingredient to his wonderful life was crime.
88%
She had a difficult time owning up to her own crazy self. She had a difficult time owning up to her own crazy self.
78%
Her fragrance of choice was fresh garlic. Her fragrance of choice was fresh garlic.
75%
No matching quizzes found
Score Distribution
Percent of People with Each Score
Percentile by Number Answered
Your Score History
You have not taken this quiz